Pokemon in Real Life - Statistics

General Stats
  • This quiz has been taken 27 times
  • The average score is 15 of 22
Answer Stats
Hint Answer % Correct
Bidoof Beaver
95%
Noctowl Owl
95%
Arbok Cobra
85%
Meowstic Cat
80%
Heracross Hercules Beetle
80%
Diglett Mole
80%
Pikachu Pika Mouse
80%
Oshawott Sea Otter
80%
Mastiff Dog
75%
Skorupi Scorpion
75%
Noivern Bat
70%
Vivillon Butterfly
60%
Staravia Starling
60%
Copperajah Elephant
60%
Shinx Lion Cub
60%
Pancham Panda
60%
Pansear Monkey
55%
Skwovet Squirrel
55%
Tabulb Tadpole
55%
Trevenant Tree
55%
Revavroom Car
50%
Grafaiai Aye-Aye
20%
No matching quizzes found
Score Distribution
Percent of People with Each Score
Percentile by Number Answered
Your Score History
You have not taken this quiz